Tolley's health and safety at work handbook. (Record no. 258)

MARC details
000 -LEADER
fixed length control field 01065cas a2200313 a 4500
001 - CONTROL NUMBER
control field 11418567
003 - CONTROL NUMBER IDENTIFIER
control field OSt
005 - DATE AND TIME OF LATEST TRANSACTION
control field 20110411144343.0
008 - FIXED-LENGTH DATA ELEMENTS--GENERAL INFORMATION
fixed length control field 930630c19uu9999enkuu 0 0eng
010 ## - LIBRARY OF CONGRESS CONTROL NUMBER
LC control number 93642712
035 ## - SYSTEM CONTROL NUMBER
System control number (OCoLC)ocm28359730
040 ## - CATALOGING SOURCE
Original cataloging agency DLC
Transcribing agency DLC
Modifying agency OCoLC
042 ## - AUTHENTICATION CODE
Authentication code lc
043 ## - GEOGRAPHIC AREA CODE
Geographic area code e-uk---
050 00 - LIBRARY OF CONGRESS CALL NUMBER
Classification number KD3156.A13
Item number T65
082 00 - DEWEY DECIMAL CLASSIFICATION NUMBER
Classification number 344.410465 TOL
Edition number 20
245 00 - TITLE STATEMENT
Title Tolley's health and safety at work handbook.
246 10 - VARYING FORM OF TITLE
Title proper/short title Health and safety at work handbook
260 ## - PUBLICATION, DISTRIBUTION, ETC. (IMPRINT)
Place of publication, distribution, etc Croydon, England :
Name of publisher, distributor, etc Tolley Pub. Co.,
300 ## - PHYSICAL DESCRIPTION
Extent xxxii, 587. ;
Dimensions 23 cm.
500 ## - GENERAL NOTE
General note Description based on: 1992.
590 ## - LOCAL NOTE (RLIN)
Local note SERBIB/SERLOC merged record
650 #0 - SUBJECT ADDED ENTRY--TOPICAL TERM
Topical term or geographic name as entry element Industrial hygiene
General subdivision Law and legislation
Geographic subdivision Great Britain
Form subdivision Periodicals.
9 (RLIN) 761
650 #0 - SUBJECT ADDED ENTRY--TOPICAL TERM
Topical term or geographic name as entry element Industrial safety
General subdivision Law and legislation
Geographic subdivision Great Britain
Form subdivision Periodicals.
9 (RLIN) 762
906 ## - LOCAL DATA ELEMENT F, LDF (RLIN)
a 7
b cbc
c serials
d 2
e ncip
f 19
g n-oclcserc
942 ## - ADDED ENTRY ELEMENTS (KOHA)
Source of classification or shelving scheme Dewey Decimal Classification
Koha item type Books
Holdings
Withdrawn status Lost status Source of classification or shelving scheme Damaged status Not for loan Home library Current library Shelving location Date acquired Total Checkouts Full call number Barcode Date last seen Price effective from Koha item type
    Dewey Decimal Classification     Law Development Centre Main Library Law Development Centre Main Library Text Books and Laws 04/11/2011   344.410465 TOL 3709 04/11/2011 04/11/2011 Books